Krajinársko-architektonický návrh vegetačnej strechy na objekte administratívnej budovy

Gespeichert in:
Bibliographische Detailangaben
1. Verfasser: Philippova, Ľudmila (Verfasst von)
Weitere Verfasser: Danáčová, Michaela (Betreuung Doktorarbeit)
Format: Manuskript Buch
Sprache:Slowakisch
Veröffentlicht: 2025
Schlagworte:
Online-Zugang:http://is.stuba.sk/zp/portal_zp.pl?podrobnosti=176074
CRZP
Tags: Tag hinzufügen
Keine Tags, Fügen Sie das erste Tag hinzu!

MARC

LEADER 00000ntm a22000003a 4500
001 stuzp106092
003 SK-STU
005 20250730151225.3
007 ta
008 150427s2015----xo-----f-mn---000-0-slo-d
040 |a STU  |b slo 
041 0 |a slo 
100 1 |a Philippova, Ľudmila  |u 010160  |4 aut  |U SvF Stavebná fakulta  |T SvF Katedra vodného hospodárstva krajiny  |X 103868  |U V160  |Y 16  |7 103868 
242 0 1 |a Landscape-architectural design of the green roof on the object of the administrative building  |y eng 
245 1 0 |a Krajinársko-architektonický návrh vegetačnej strechy na objekte administratívnej budovy 
260 |c 2025 
650 4 |a outdoor furniture  |2 eng 
650 4 |a green roof composition  |2 eng 
650 4 |a rainwater  |2 eng 
650 4 |a vegetation  |2 eng 
650 4 |a climate  |2 eng 
650 4 |a green roof  |2 eng 
650 4 |a skladba vegetačnej strechy  |2 slo 
650 4 |a mobiliár  |2 slo 
650 4 |a dažďová voda  |2 slo 
650 4 |a vegetácia  |2 slo 
650 4 |a klíma  |2 slo 
650 4 |a vegetačná strecha  |2 slo 
700 1 |a Danáčová, Michaela  |u 010160  |k Z1  |4 ths  |U SvF Stavebná fakulta  |T SvF Katedra vodného hospodárstva krajiny  |X 10113  |U V160  |Y 16  |7 A000010113 
856 4 |u http://is.stuba.sk/zp/portal_zp.pl?podrobnosti=176074 
856 4 |u https://opac.crzp.sk/?fn=detailBiblioForm&sid=226A7A544DA3649F67533DE9F6D0  |z CRZP